<?xml version="1.0" encoding="UTF-8"?>
<record
    xmlns:xsi="http://www.w3.org/2001/XMLSchema-instance"
    xsi:schemaLocation="http://www.loc.gov/MARC21/slim http://www.loc.gov/standards/marcxml/schema/MARC21slim.xsd"
    xmlns="http://www.loc.gov/MARC21/slim">

  <leader>01149nam a22001457a 4500</leader>
  <controlfield tag="008">120620t        xxu||||| |||| 00| 0 eng d</controlfield>
  <datafield tag="020" ind1=" " ind2=" ">
    <subfield code="a">0072434619</subfield>
  </datafield>
  <datafield tag="050" ind1=" " ind2=" ">
    <subfield code="a">HM 821.W44</subfield>
  </datafield>
  <datafield tag="100" ind1=" " ind2=" ">
    <subfield code="a">Lynn, Weber</subfield>
  </datafield>
  <datafield tag="245" ind1=" " ind2=" ">
    <subfield code="a">Understanding race, class, gender and sexuality : A conceptual frame. /</subfield>
    <subfield code="c">Lynn, Weber</subfield>
  </datafield>
  <datafield tag="260" ind1=" " ind2=" ">
    <subfield code="a">Boston:</subfield>
    <subfield code="b">Mcgraw-Hill,</subfield>
    <subfield code="c">2001.</subfield>
  </datafield>
  <datafield tag="300" ind1=" " ind2=" ">
    <subfield code="a">xvi,224 p.:</subfield>
    <subfield code="c">24cm.</subfield>
  </datafield>
  <datafield tag="505" ind1=" " ind2=" ">
    <subfield code="a">Contents: Laying the foundation: Defining contested concepts -- A Historical time line of indicators of opppression -- A Conceptual framework: five times : The Story of Margaret Welch : A case study -- Themes : Historically and geographically/ globally contextual socially constructed power relations -- Themes: macro social structural and micro socal psychological levels simultaneously expressed -- Theo Wilson and  Lynn Johnson: A case study -- Education and American dream -- Themes : Historically and geograhically/globally contextual socially constructed -- Themes : power relationships, macro social structural and miro social psychological levels simultaneously expressed -- Envisioning social justice -- Appendix: Historical time.</subfield>
  </datafield>
  <datafield tag="942" ind1=" " ind2=" ">
    <subfield code="2">lcc</subfield>
    <subfield code="c">BK</subfield>
  </datafield>
  <datafield tag="999" ind1=" " ind2=" ">
    <subfield code="c">1493</subfield>
    <subfield code="d">8993</subfield>
  </datafield>
  <datafield tag="952" ind1=" " ind2=" ">
    <subfield code="0">0</subfield>
    <subfield code="1">0</subfield>
    <subfield code="2">lcc</subfield>
    <subfield code="4">0</subfield>
    <subfield code="7">0</subfield>
    <subfield code="a">WIUC-1</subfield>
    <subfield code="b">WIUC-1</subfield>
    <subfield code="c">GEN</subfield>
    <subfield code="d">2012-06-20</subfield>
    <subfield code="l">0</subfield>
    <subfield code="o">HM 821.W44</subfield>
    <subfield code="p">4014/12</subfield>
    <subfield code="r">2012-06-20 00:00:00</subfield>
    <subfield code="t">1</subfield>
    <subfield code="w">2012-06-20</subfield>
    <subfield code="y">BK</subfield>
  </datafield>
</record>
